Tilastot visalle Lippumatikkaa

Klikkaa tästä pelataksesi tätä visaa!

Yleistilastot

  • Tätä visaa on pelattu 201 kertaa
  • Keskiarvotulos 10 / 14

Vastaustilastot

YhtälöMuodostunut lippu% Oikein
Kanada
100%
Slovakia
88%
Meksiko
86%
Slovenia
85%
Libanon
82%
Kroatia
82%
Egypti
76%
Andorra
71%
Moldova
66%
Paraguay
63%
Ecuador
63%
Ghana
58%
Senegal
53%
Tadžikistan
50%

Tulosjakauma

Persentiili vastausten määrän mukaan

Jokaisen tuloksen saaneiden osuus

Tuloshistoriasi

Et ole pelannut tätä visaa